|
|
|
|
| LEADER |
00000nam a22000007a 4500 |
| 005 |
20210430222124.0 |
| 007 |
cr|||| |||| |
| 008 |
210430s2015 co |||||s|||| 00||0 spa d |
| 020 |
|
|
|z 978-958-665-356-5
|
| 035 |
|
|
|a 33221
|
| 040 |
|
|
|a vLex
|
| 090 |
|
|
|c 11584
|d 11584
|
| 100 |
1 |
|
|a Castro-Gm̤ez, Santiago
|
| 245 |
1 |
0 |
|a Historia de la gubernamentalidad I
|h [Recurso electrn̤ico] :
|b Razn̤ de Estado, liberalismo y neoliberalismo en Michel Foucault /
|c Santiago Castro-Gm̤ez
|
| 256 |
|
|
|a Servicio en ln̕ea
|
| 260 |
|
|
|a Bogot:̀
|b Siglo del Hombre Editores,
|c 2015
|
| 300 |
|
|
|a 1 recurso electrn̤ico
|
| 500 |
|
|
|a Las lecciones de 1978 y 1979 dictadas por Foucault en el Collg̈e de France ocupan un lugar singular en el conjunto de la obra del filosofo. Estos cursos representan una ruptura frente al trabajo que Foucault vena̕ realizando en la dčada de los setenta, y esto por lo menos de tres formas. Primero, porque en estas lecciones, como en ninguna otra parte del corpus foucaultiano, se lleva a cabo una reflexin̤ sobre el Estado. Segundo, porque estas lecciones son el n︢ico lugar de toda su obra donde se reflexiona sobre la racionalidad polt̕ica contemporǹea. Y tercero, porque en ellas Foucault -anuncia- el giro investigativo que tomara̕n sus l︢timas obras sobre la ťica del mundo greco-romano.
|
| 506 |
1 |
|
|a Disponible solo en los productos indicados
|d vLex Global
|d vLex Global (Academic Edition, excluding Law Schools)
|d vLex Global (U.S. Academic Edition, Law Schools)
|d vLex Global (U.S. Academic Edition, excluding Law Schools)
|d vLex Global (Academic Edition, Law Schools)
|
| 650 |
0 |
4 |
|a Ciencias sociales
|z Colombia
|
| 650 |
0 |
4 |
|a Humanidades
|z Colombia
|
| 740 |
0 |
|
|a vLex Libros (Servicio en ln̕ea)
|
| 856 |
4 |
0 |
|u https://vlex.com/source/historia-de-la-gubernamentalidad-i-razon-de-estado-liberalismo-y-neoliberalismo-en-michel-foucault-33221
|z Acceso restringido
|
| 942 |
|
|
|c BOOK
|
| 999 |
0 |
|
|a Social Sciences
|
| 999 |
0 |
|
|a Humanities
|